Marketing v činnosti obchodného podniku na trhu

Salvato in:
Dettagli Bibliografici
Autore principale: Kita, Jaroslav
Natura: Capitolo di libro
Lingua:slovacco
Tags: Aggiungi Tag
Nessun Tag, puoi essere il primo ad aggiungerne!!

MARC

LEADER 00000naa$a2200000$$$4500
001 0129652
005 20230116103404.1
041 0 |a slo 
044 |a SK 
245 1 0 |a Marketing v činnosti obchodného podniku na trhu  |c Jaroslav Kita 
100 1 |a Kita, Jaroslav